Welcome to CU Library Online Public Access Catalogue (OPAC)

Motion graphic design : (Record no. 8565)

MARC details
000 -LEADER
fixed length control field 00731cam a2200229 i 4500
001 - CONTROL NUMBER
control field 17572421
005 - DATE AND TIME OF LATEST TRANSACTION
control field 20251215193019.0
008 - FIXED-LENGTH DATA ELEMENTS--GENERAL INFORMATION
fixed length control field 121222s2013 maua 001 0 eng
020 ## - INTERNATIONAL STANDARD BOOK NUMBER
International Standard Book Number 9780240821139
Qualifying information paperback
020 ## - INTERNATIONAL STANDARD BOOK NUMBER
International Standard Book Number 9780240824703
Qualifying information ebook
050 00 - LIBRARY OF CONGRESS CALL NUMBER
Classification number TR897.5
Item number .K73 2013
082 00 - DEWEY DECIMAL CLASSIFICATION NUMBER
Classification number 006.6/96
Edition information 23
100 1# - MAIN ENTRY--PERSONAL NAME
Personal name Krasner, Jon S.
245 10 - TITLE STATEMENT
Title Motion graphic design :
Remainder of title applied history and aesthetics /
Statement of responsibility, etc. Jon Krasner.
250 ## - EDITION STATEMENT
Edition statement Third edition.
260 ## - PUBLICATION, DISTRIBUTION, ETC.
Place of publication, distribution, etc. New York
Name of publisher, distributor, etc. Focal Press
Date of publication, distribution, etc. 2018
300 ## - PHYSICAL DESCRIPTION
Extent xv, 525 pages :
Other physical details color illustrations ;
Dimensions 25 cm +
Accompanying material 1 videodisc (4 3/4 in.)
500 ## - GENERAL NOTE
General note Includes index.
650 #0 - SUBJECT ADDED ENTRY--TOPICAL TERM
Topical term or geographic name entry element Animation (Cinematography)
650 #0 - SUBJECT ADDED ENTRY--TOPICAL TERM
Topical term or geographic name entry element Television graphics.
942 ## - ADDED ENTRY ELEMENTS (KOHA)
Source of classification or shelving scheme Library of Congress Classification
Koha item type Books
Edition 3rd ed.
Suppress in OPAC No
999 ## -
-- 8565
-- 8565
Holdings
Withdrawn status Lost status Source of classification or shelving scheme Damaged status Not for loan Collection Home library Current library Shelving location Date acquired Total checkouts Full call number Barcode Date last seen Copy number Price effective from Koha item type
    Library of Congress Classification     Non-fiction Science Library (Miotso) Science Library (Miotso) Reference 12/15/2025   TR897.5 .K73 KRA SLM00006629 12/15/2025 1 12/15/2025 Books
© 2023-2024 Copyright: Central University Libraries. All Rights Reserved | Created by: Mahone Tech Office